000 00756cab a2200241 4500
001 ABS50095
008 090401t1994 xxu||||| |||| 00| 0 eng d
035 _a(Sirsi) u74133
041 _aeng
100 _aChevin, D.
245 _aPlaying with fire
260 _c1994
350 _a0
490 _aBuilding
_v259(7832) 25 February 1994, 42-43(2)
520 _aInvestigates the latest project commissioned by the European Commission to establish a standard method for fire-testing building materials.
650 _aBUILT ENVIRONMENT-BUILDING MATERIALS
650 _aCE MARKS
650 _aEUROPEAN STANDARDS
650 _aFIRE-TESTING
690 _aBUILT ENVIRONMENT-BUILDING STANDARDS-FIRE REGULATIONS
942 _n0
948 _c04/03/1997
999 _c46798
_d46798